00723 2200253 4500001002100000005001700021008004100038020002200079035002500101040001200126082001700138090001900155100001700174245010500191250001100296260002600307300002400333650002000357700002600377850001200403990001800415990001800433990001800451INLIS00000000000509120150729110905.0  a978-602-1637-06-7 a0010-051500000000224 aYOPDYOG 223a899.2213 b899.2213 Put L aPUTU Felisia aA love fairytaleb: Cinta yang kekal seperti dongengc/ Putu Felisia; Editor, Triani Retno Adiastuti aCet. 1 aBandungbQanitac2013 a204 hlm.c; 20,5 cm aFiksi Indonesia aTRIAN Retno Adiastuti aYOPDYOG a13131-PD/B.15 a13132-PD/B.15 a13133-PD/B.15